000 00382nam a2200145Ia 4500
008 231129s2003||||xx |||||||||||||| ||spa||
020 _a958-30-1114-2
040 _bspa
082 _a(i) Co863.44 N718m
100 _aNiƱo Jairo Anibal 1941
245 0 _aEl musico del aire
260 _c2003
264 _aPanamericana
942 _2ddc
_cBKS
999 _c11823
_d11823